00632nam a2200157 a 4500008004100000050001500041100002700056245013800083260004000221300002000261362002300281500001700304650004600321650003400367650007300401140129s2013 ||||||||||||||||| || u aTHESIS/KAW aKawaya, Joseph Mandala12aA study of the impact of government domestic borrowing on commercial bank lending rates: the case of Zambiacby Joseph Mandala Kawaya aKitwe:bCopperbelt Universityc2013 axiv,109p.: ill.1 a
MBA Finance
aBibliography aLENDING INTEREST RATES--COMPARATIVE STUDY aGOVERNMENT DOMESTIC BORROWING aGOVERNMENT DOMESTIC BORROWING--BANK LENDING RATES--IMPACT OF--ZAMBIA